01746nam a2200241 b 450000500170000000800410001702000230005804000140008104100060009508200120010110000250011324500160013826000300015430000230018450007860020794200240099394200140101799900190103195201070105095201070115795201200126495201200138420240902102950.0220701s9999 xx 000 1 und d a9781415210581qpbk aRDAcOCLC 2E aEF GALG aGalgut, Damon950510 4aThe Promise aCape Town;bUmuzi;c2022. a242 pages;c24 cm. aThere is nothing unusual or remarkable about the Swart family, oh no, they resemble the family from the next farm and the one beyond that, just an ordinary bunch of white South Africans, and if you don’t believe it then listen to us speak... The many voices of The Promise tell a story in four snapshots, each one centered on a family funeral, each one happening in a different decade. In the background, a different president is in power, and a different spirit hangs over the country, while in the foreground the family fights over what they call their farm, on a worthless piece of land outside Pretoria. Over large jumps in time, people get older, faces and laws and lives all change, while a brother and sister circle around a promise made long ago, and never kept ...  y174zSanet Schoeman cBOOK2ddc c684703d684702 00104070aRIETLbRIETLd2022-06-24g232.00l0p33228031021376r2022-06-24w2022-06-24yBKzARN295/21 00104070aDOORLbDOORLd2022-07-04g232.00l0p3390900081081r2022-07-04w2022-07-04yBKzDOO 014/21 00102ddc40708FaSTANRLbSECLcFICd2024-09-02g260.50l0oEF GALGp33228031152473r2024-09-02w2024-09-02yBOOK 00102ddc40708FaSTANRLbamercFICd2024-09-02g260.50l0oEF GALGp33228031152472r2024-09-02w2024-09-02yBOOK